Music Quiz

Random Music or Kpop Quiz

SNSD MVs (Yoona Edition) Quiz Stats

 Plays Quiz not verified by Sporcle

Also try: Which Band?
Challenge
Share
Tweet
Score 0/27 Timer 05:00
0 Plays Today
% Correct
Lion Heart
93.4%
I Got a Boy
91.6%
Party
91.3%
Gee
91.1%
Oh! (Japanese Version)
89.1%
Hoot
88.9%
All Night
88.4%
The Boys
86.6%
Bad Girl
85.3%
Mr Mr
83.8%
Genie (Tell Me You Wish)
83.6%
Catch Me if you Can
83.3%
You Think
83%
Run Devil Run
81.4%
% Correct
Paparazzi
79.4%
When the Wind Blows
76.7%
Time Machine
75.4%
Dancing Queen
73.8%
Flower Power
73.2%
Galaxy Supernova
72.9%
Love & Girls
68.6%
Echo
67.4%
All My Love is for You
66.5%
My Oh My
66%
Beep Beep
64.6%
Chocolate Love
61.9%
Cabi Song
57.1%

You're not logged in!

Compare scores with friends on all Sporcle quizzes.
Join for Free
OR
Log In

You Might Also Like...

Show Comments

Extras

Top Quizzes Today


Score Distribution

Your Account Isn't Verified!

In order to create a playlist on Sporcle, you need to verify the email address you used during registration. Go to your Sporcle Settings to finish the process.

Report this User

Report this user for behavior that violates our Community Guidelines.

Details: